Statistics for Toronto Raptors Roster UPDATEABLE

Click here to take the quiz!

General Stats

  • This quiz has been taken 93 times
    (87 since last reset)
  • The average score is 7 of 19

Answer Stats

PositionAnswer% Correct
GuardKyle Lowry
94%
GuardDeMar DeRozan
78%
ForwardPascal Siakam
74%
FowardSerge Ibaka
70%
GuardFred VanVleet
66%
GuardNorman Powell
54%
CenterJonas Valanciunas
51%
ForwardOG Anunoby
38%
F-GCJ Miles
33%
GuardDelon Wright
33%
C-FJakob Poeltl
24%
FowardBruno Caboclo
20%
CenterLucas Nogueira
19%
ForwardMalcolm Miller
15%
GuardLorenzo Brown
14%
ForwardAlfonzo McKinnie
8%
G-FKJ McDaniels
5%
CenterKennedy Meeks
3%
ForwardKyle Wiltjer
1%

Score Distribution

Percentile by Number Answered

Percent of People with Each Score

Your Score History

You have not taken this quiz since the last reset